Statistics for 15 Random Facts

Click here to take the quiz!

General Stats

  • This quiz has been taken 38 times
  • The average score is 8 of 15

Answer Stats

QuestionAnswer% Correct
Romanian emperor Vlad is nicknamed "Vlad the ???Impaler
94%
How many elements are in the periodic table118
75%
Which US President was a Actor before he became presidentRonald Reagan
69%
In Which state John F Kennedy was AssassinatedTexas
69%
Which country invented french friesBelgium
63%
How much money does Peru has242 billion$
56%
Which territory is not part of FranceCayman Islands
50%
Which team won the 1998 super bowlDenver Broncos
50%
Which city is the first city to have skyscraperChicago
38%
Which Currency does Bhutan useIndian Rupee
38%
Which is the first channel on Youtubejawed
38%
Which city is the murder capital of the worldKingston
38%
Is the Backrooms realNo
38%
Which country uses the most pineapplesBrazil
25%
Which Country is the closest to SpaceEcuador
13%

Score Distribution

Percentile by Number Answered

Percent of People with Each Score

Your Score History

You have not taken this quiz